Regulatory governance in south east european countries progress and challenges

Gespeichert in:
Bibliographische Detailangaben
Format: Buch
Sprache:Englisch
Veröffentlicht: Paris OECD 2004
Schlagworte:
Tags: Tag hinzufügen
Keine Tags, Fügen Sie das erste Tag hinzu!

MARC

LEADER 00000nam$a2200000$$$4500
001 0021748
005 20240315121158.1
020 |a 92-64-01747-X 
041 0 |a eng 
044 |a FR 
245 1 0 |a Regulatory governance in south east european countries  |b progress and challenges 
264 1 |a Paris  |b OECD  |c 2004 
300 |a 92 s. 
610 2 0 |a regulácia 
610 2 0 |a SVE 
610 2 0 |a reformy hospodárske 
610 2 0 |a regulácia hospodárska 
610 2 0 |a regulácia štátna 
610 2 0 |a spolupráca medzinárodná 
610 2 0 |a porovnanie medzinárodné 
610 2 0 |a OECD